01763nam a2200349 a 450000100100000000500170001000800410002702000160006804000250008408200170010910000320012624501290015826000350028730000280032250000580035050000560040850400310046460000400049565000310053565000320056665000310059865000370062970000580066691000370072404900090076195201300077095201300090095201300103095201150116095201210127599900170139600001782320250424134901.0100406s2005 dr a 001 0 spa d z9994540802X aDO-SdBNPbspacBNPHU a921.4bM342g1 aGómez Cerda, José9858310aArte, filosofía y política :bsegún Jacques Maritain /cJosé Gómez Cerda ; prólogo Mariano Lebrón Saviñón. aSanto Domingo :bArgos,c2005. a158 p. :bil. ;c23 cm. aIncluye datos biográficos del autor en las solapas. aIncluye bibliografía y notas al pie de páginas. aBibliografía: p.155-158.14aMARITAIN, JACQUES,d1882-197395666 0aHumanismo cristiano938717 4aHumanismo en el arte938718 4aFilosofía cristiana9390 4aCristianismo y democracia9387191 aLebrón Saviñon, Marianod1922-2014epról.97227 aValidado. Control de calidad EMS aBNPD 001054708DSaGRbGRcHDd2010-04-06iLF1l0o921.4 M342gp17823-30r2020-06-25te. 3w2020-06-25yLFDSZPréstamo en sala 001054708DSaGRbGRcHDd2010-04-06iLF1l0o921.4 M342gp17823-40r2020-06-25te. 4w2020-06-25yLFDSZPréstamo en sala 001054708DSaGRbGRcHDd2010-04-06iLF1l0o921.4 M342gp17823-50r2020-06-25te. 5w2020-06-25yLFDSZPréstamo en sala 0010718PDaPDbPDcHDd2010-04-06iLF1l0o921.4 M342gp17823-10r2020-06-25w2020-06-25yLFPDZNo se presta 0010718PDaPDbPDcHDd2010-04-06iLF1l0o921.4 M342gp17823-20r2020-06-25te. 2w2020-06-25yLFPDZNo se presta c17347d17347